[Event "Bergamo op 13th"]
[Site "Bergamo"]
[Date "2014.07.19"]
[Round "4"]
[White "Dvirnyy, Danyyil"]
[Black "Korneev, Oleg"]
[Result "1-0"]
[WhiteElo "2529"]
[BlackElo "2594"]
[PlyCount "63"]
[EventDate "2014.07.18"]
[EventType "swiss"]
[EventRounds "6"]
[EventCountry "ITA"]
[SourceTitle "CBM 161 Extra"]
[Source "ChessBase"]
[SourceDate "2014.08.29"]
[SourceVersion "1"]
[SourceVersionDate "2014.08.29"]
[SourceQuality "1"]

1. Nf3 d5 2. c4 d4 3. b4 g6 4. g3 Bg7 5. Bg2 e5 6. d3 Ne7 7. O-O O-O 8. a4 a5 9. b5 c5 10. Ra2 ({RR} 10. Nbd2 Ra7 11. Ra3 b6 12. e3 h6 13. exd4 exd4 14. Re1 Nf5 15. Ra2 Nd6 16. Ne4 Nxe4 17. Rxe4 Bf5 18. Re1 Re8 19. Rxe8+ Qxe8 20. Re2 Re7 21. Rxe7 Qxe7 22. Nh4 Bc8 23. Bf4 Nd7 24. Bc7 Be5 {Fressinet,L (2717)-Le,Q (2712) Dubai 2014 ½-½ (43)}) ({RR} 10. bxc6 Nexc6 11. Ba3 Re8 12. Nbd2 Nd7 13. Ne4 Nf6 14. Nd6 Re6 15. Nxc8 Rxc8 16. Bh3 Re8 17. Bxc8 Qxc8 18. Rb1 Qh3 19. Rxb7 Ng4 20. Qb3 e4 21. dxe4 Nce5 22. Rd1 d3 23. Rxd3 Nxf3+ {0-1 (23) Mekhitarian,K (2564)-Platzgummer,F (2291) chess.com INT 2025}) 10... Bf5 $146 ({RR} 10... Ra7 11. e3 b6 12. exd4 exd4 13. Re2 Nd7 14. Rfe1 Nf5 15. Nbd2 Nd6 16. Ne4 Nxe4 17. Rxe4 Nf6 18. Bg5 h6 19. Bxf6 Qxf6 20. Ne5 Bf5 21. Rf4 Re7 22. Nc6 Rxe1+ 23. Qxe1 Kh7 24. Be4 Qe6 25. Qd1 {Grandelius,N (2663)-Korobov,A (2683) Chess.com INT 2020 0-1 (50)}) ({RR} 10... Ra7 11. e3 dxe3 12. fxe3 b6 13. e4 Rd7 14. Ne1 Rd6 15. Nc3 Nd7 16. Raf2 f6 {½-½ (16) Sipos,I (2423)-Korneev,O (2573) Forni di Sopra 2011}) ({RR} 10... Nf5 11. e3 Ra7 12. exd4 exd4 13. Bf4 Nd7 14. Re1 h6 15. h4 Nf6 16. Ne5 Nd7 17. Nf3 Nf6 18. Rae2 Ng4 19. Nbd2 b6 20. Ne4 Re7 21. Bh3 h5 22. Bg2 f6 23. Qd2 Rfe8 24. Nh2 Ne5 25. Nf3 {Palachev,P (2403)-Triapishko,A (2474) Sochi 2016 ½-½}) 11. Nh4 Ra7 12. Nxf5 Nxf5 13. e4 Nd6 14. f4 Nd7 15. Raf2 exf4 16. gxf4 f5 17. e5 Ne8 18. Bd5+ Kh8 19. Qf3 b6 20. h4 Qxh4 21. Rh2 Qg4+ 22. Qxg4 fxg4 23. Kg2 h6 24. Nd2 g5 25. e6 gxf4 26. exd7 Rxd7 27. Ne4 f3+ 28. Kf2 Nf6 29. Bxh6 g3+ 30. Kxg3 Nxe4+ 31. Bxe4 Be5+ 32. Bf4+ 1-0

[Event "Olympiad-41"]
[Site "Tromsoe"]
[Date "2014.08.03"]
[Round "2.1"]
[White "Urkedal, Frode Olav Olsen"]
[Black "Ivanchuk, Vassily"]
[Result "1-0"]
[WhiteElo "2500"]
[BlackElo "2744"]
[PlyCount "57"]
[EventDate "2014.08.02"]
[EventType "team-swiss"]
[EventRounds "11"]
[EventCountry "NOR"]
[SourceTitle "CBM 162"]
[Source "ChessBase"]
[SourceDate "2014.09.17"]
[SourceVersion "1"]
[SourceVersionDate "2014.09.17"]
[SourceQuality "1"]
[WhiteTeam "Norway II"]
[BlackTeam "Ukraine"]
[WhiteTeamCountry "NOR"]
[BlackTeamCountry "UKR"]

1. Nf3 {ChessBase} f5 2. d3 Nc6 3. d4 e6 4. g3 d5 ({RR} 4... Nf6 5. Bg2 g6 6. O-O Bg7 7. c4 O-O 8. Nc3 d6 9. d5 Ne7 10. dxe6 Bxe6 11. b3 h6 12. Bb2 Bf7 13. Qc2 Nc6 14. Rad1 Qe7 15. e3 Rae8 16. a3 Ne4 17. Nd5 Bxd5 18. cxd5 Nd8 19. Bxg7 {Carlsen,M (2859)-Vachier Lagrave,M (2736) chess.com INT 2022 0-1 (64)}) 5. Bg2 Rb8 ({RR} 5... Nf6 6. O-O Be7 7. c4 Ne4 8. Nc3 O-O 9. cxd5 exd5 10. Qb3 Kh8 11. Rd1 Na5 12. Qc2 Nc4 13. Ne5 Nxc3 14. bxc3 Nb6 15. a4 c6 16. a5 Nd7 17. c4 dxc4 18. Nxc4 Nf6 19. a6 Nd5 20. Ne5 {Czopor,M (2412)-Baranyai-Molnar,A (2301) Karlsruhe GER 2025 1-0 (31)}) 6. O-O Nf6 7. Bf4 $146 ({RR} 7. b3 Bd6 8. c4 O-O 9. Nc3 Bd7 10. Bb2 a6 11. Ng5 Be7 12. cxd5 Nxd5 13. Nf3 ({RR} 13. Nxd5) 13... Nxc3 ({RR} 13... f4) 14. Bxc3 Bf6 15. Qc2 Be8 16. Rfd1 Ne7 17. Ne5 c6 18. Bb4 Bh5 19. Rd2 Re8 20. e4 fxe4 21. Bxe4 Nf5 {Grandelius,N (2588)-Semcesen,D (2471) Borlange 2014 CBM 161 Extra [ChessBase] 0-1 (41)}) ({RR} 7. Nbd2 b5 8. Ne5 Nxe5 9. dxe5 Nd7 10. Nf3 c5 11. b3 Be7 12. c4 bxc4 13. bxc4 dxc4 14. Qc2 O-O 15. Rd1 Qc7 16. Qxc4 Nb6 17. Qc2 Bb7 18. Ne1 Nd5 19. e4 fxe4 20. Bxe4 Qxe5 21. Bxh7+ Kh8 {Fressinet,L (2708)-Christiansen,L (2584) Tromsoe 2013 ½-½ (45)}) 7... b5 8. b3 Ba6 9. Qc1 Bd6 10. Nbd2 O-O 11. e3 Ne4 12. Re1 Qe7 13. a3 Na5 14. Bf1 Rb6 15. c3 g5 16. Bxd6 cxd6 17. b4 Nb7 18. a4 Rc8 19. Nxe4 fxe4 20. Nd2 Nd8 21. axb5 Bxb5 22. Bxb5 Rxb5 23. Ra3 Rxb4 24. cxb4 Rxc1 25. Rxc1 Qb7 26. Rac3 Nf7 27. Rc8+ Kg7 28. R1c7 Qxb4 29. Nf1 1-0

[Event "Olympiad-41"]
[Site "Tromsoe"]
[Date "2014.08.11"]
[Round "9.3"]
[White "Mekhitarian, Krikor Sevag"]
[Black "Sambuev, Bator"]
[Result "1-0"]
[WhiteElo "2568"]
[BlackElo "2528"]
[PlyCount "113"]
[EventDate "2014.08.02"]
[EventType "team-swiss"]
[EventRounds "11"]
[EventCountry "NOR"]
[SourceTitle "CBM 162"]
[Source "ChessBase"]
[SourceDate "2014.09.17"]
[SourceVersion "1"]
[SourceVersionDate "2014.09.17"]
[SourceQuality "1"]
[WhiteTeam "Brazil"]
[BlackTeam "Canada"]
[WhiteTeamCountry "BRA"]
[BlackTeamCountry "CAN"]

1. Nf3 d5 2. g3 Bg4 3. Bg2 Nd7 4. O-O Ngf6 5. d3 e5 6. Nbd2 Bd6 ({RR} 6... Be7 7. e4 dxe4 8. dxe4 O-O 9. h3 Bh5 10. Qe1 c6 11. a4 Re8 12. Nc4 Bf8 13. Bg5 Qc7 14. a5 Bxf3 15. Bxf3 b5 16. axb6 axb6 17. Qc3 Be7 18. Bxf6 Bxf6 19. Rxa8 Rxa8 20. Rd1 Nf8 21. Ne3 {Vaganian,R (2642)-Rublevsky,S (2686) Mainz 2004 1-0 (54)}) 7. h3 ({RR} 7. c4 c6 8. cxd5 cxd5 9. e4 O-O 10. h3 Bh5 11. g4 Bg6 12. Nh4 dxe4 13. dxe4 Bc5 14. Nxg6 hxg6 15. Nc4 Qe7 16. Be3 Rfd8 17. Qe2 b5 18. Na5 Bxe3 19. Qxe3 Qc5 20. Qxc5 Nxc5 21. Rac1 Nd3 {Cori T.,D (2354)-Martin,L (2050) chess.com INT 2025 ½-½ (71)}) 7... Bxf3 8. Bxf3 $146 ({RR} 8. Nxf3 Qe7 9. Nh4 g6 10. c4 c6 11. cxd5 Nxd5 12. Bh6 O-O-O 13. b4 Bxb4 14. Qb3 Nc5 15. Qc4 Ne6 16. Rab1 Bc5 17. Rfc1 Kb8 18. Nf3 f6 19. Bd2 g5 20. e3 h5 21. a4 Ka8 22. Rb3 Rd7 {Popovic,D (2498)-Cerveny,M (2388) Germany GER 2023 1-0 (53)}) ({RR} 8. Nxf3 Qe7 9. Nh4 g6 10. c4 c6 11. cxd5 Nxd5 12. Bh6 O-O-O 13. b4 Bxb4 14. Qb3 Nc5 15. Qc4 Ne6 16. Rab1 Bc5 17. Rfc1 Kb8 18. Nf3 f6 19. Bd2 g5 20. e3 h5 21. a4 Ka8 22. Rb3 Rd7 {Popovic,D (2498)-Cerveny,M (2388) Germany GER 2023 1-0 (53)}) 8... O-O 9. Bg2 Qe7 10. e4 dxe4 11. dxe4 b5 12. Qe2 a6 13. Rd1 Nc5 14. Nf1 Ne6 15. Ne3 g6 16. c3 c6 17. Bd2 Rfd8 18. h4 Bc7 19. Nc2 Rd6 20. Be3 Rad8 21. Nb4 a5 22. Rxd6 Rxd6 23. Nd3 Rd7 24. Rd1 Qd8 25. Bh3 Qe8 26. Bg5 Nh5 27. Bxe6 Qxe6 28. Nc5 Qc4 29. Qxc4 Rxd1+ 30. Qf1 Rxf1+ 31. Kxf1 f6 32. Be3 Kf7 33. Ke2 a4 34. c4 f5 35. Na6 Bd6 36. c5 Be7 37. exf5 gxf5 38. Nb4 f4 39. gxf4 Nxf4+ 40. Kf3 Bxh4 41. Nxc6 Nd3 42. Na7 Ke6 43. c6 Bd8 44. Nxb5 Ba5 45. b3 axb3 46. axb3 h5 47. Ke4 h4 48. c7 Kd7 49. Kxd3 Bxc7 50. Ke2 Ba5 51. Kf3 Kc6 52. Na3 Kd5 53. Kg4 Ke4 54. Kxh4 Kd3 55. Nc4 Be1 56. Kg4 Kc2 57. Nd2 1-0

[Event "Olympiad-41"]
[Site "Tromsoe"]
[Date "2014.08.12"]
[Round "10.3"]
[White "Markus, Robert"]
[Black "Svidler, Peter"]
[Result "1-0"]
[WhiteElo "2602"]
[BlackElo "2751"]
[PlyCount "67"]
[EventDate "2014.08.02"]
[EventType "team-swiss"]
[EventRounds "11"]
[EventCountry "NOR"]
[SourceTitle "CBM 162"]
[Source "ChessBase"]
[SourceDate "2014.09.17"]
[SourceVersion "1"]
[SourceVersionDate "2014.09.17"]
[SourceQuality "1"]
[WhiteTeam "Serbia"]
[BlackTeam "Russia"]
[WhiteTeamCountry "SRB"]
[BlackTeamCountry "RUS"]

1. Nf3 g6 2. g3 Bg7 3. Bg2 e5 4. d3 d5 5. O-O Ne7 6. Nbd2 Nbc6 7. e4 O-O 8. exd5 Nxd5 9. Re1 Re8 10. c3 h6 11. a4 a5 12. Nc4 Bf5 13. h3 $146 ({RR} 13. Nh4 Be6 14. Nf3 f6 15. Nh4 Bf7 16. Qb3 Nb6 17. Bf1 Nxc4 18. dxc4 Rb8 19. Be3 Qe7 20. Qb5 f5 21. Ng2 Qf6 22. Rad1 g5 23. f4 b6 24. fxg5 hxg5 25. Bxg5 Qxg5 26. Qxc6 f4 27. Qf3 Bh5 {Berend,E (2287)-Ushenina,A (2415) Samarkand UZB 2023 ½-½ (60)}) ({RR} 13. Nh4 Be6 14. Nf3 f6 15. Nh4 Bf7 16. Qb3 Nb6 17. Bf1 Nxc4 18. dxc4 Rb8 19. Be3 Qe7 20. Qb5 f5 21. Ng2 Qf6 22. Rad1 g5 23. f4 b6 24. fxg5 hxg5 25. Bxg5 Qxg5 26. Qxc6 f4 27. Qf3 Bh5 {Berend,E (2287)-Ushenina,A (2415) Samarkand UZB 2023 ½-½ (60)}) 13... Nb6 14. Nxb6 cxb6 15. Bf1 Be6 16. Nd2 Qc7 17. Nc4 Ne7 18. Qb3 Nd5 19. Qb5 Rad8 20. Bg2 Bd7 21. Qb3 Be6 22. Qb5 Re7 23. h4 Kh7 24. Re2 f5 25. Bd2 e4 26. h5 gxh5 27. dxe4 fxe4 28. Rxe4 Bf7 29. Ne3 Nf4 30. Rxe7 Qxe7 31. Nf5 Ne2+ 32. Kh2 Qe6 33. Nxg7 Kxg7 34. Be3 1-0

[Event "Olympiad-41"]
[Site "Tromsoe"]
[Date "2014.08.14"]
[Round "11.1"]
[White "Amin, Bassem"]
[Black "Stefansson, Hannes"]
[Result "1-0"]
[WhiteElo "2627"]
[BlackElo "2536"]
[PlyCount "99"]
[EventDate "2014.08.02"]
[EventType "team-swiss"]
[EventRounds "11"]
[EventCountry "NOR"]
[SourceTitle "CBM 162"]
[Source "ChessBase"]
[SourceDate "2014.09.17"]
[SourceVersion "1"]
[SourceVersionDate "2014.09.17"]
[SourceQuality "1"]
[WhiteTeam "Egypt"]
[BlackTeam "Iceland"]
[WhiteTeamCountry "EGY"]
[BlackTeamCountry "ISL"]

1. Nf3 Nf6 2. g3 g6 3. Bg2 Bg7 4. O-O O-O 5. d3 d5 6. Nbd2 Nc6 7. c3 e5 8. e4 a5 9. a4 Re8 10. Re1 ({RR} 10. exd5 Nxd5 11. Re1 h6 12. Nc4 Bf5 13. Nh4 Be6 14. Nf3 Bf5 15. Nh4 Be6 16. Qc2 Qd7 17. Nf3 Bf5 18. Nh4 Bg4 19. Qb3 Be6 20. Nf3 Nb6 21. Qb5 Nxc4 22. dxc4 f5 23. Be3 e4 24. Rad1 Qe7 {Amin,B (2699)-Narayanan,S (2611) chess24.com INT 2020 0-1 (45)}) 10... h6 11. Qc2 Be6 12. exd5 Nxd5 $146 ({RR} 12... Bxd5 13. Ne4 Nxe4 14. dxe4 Bc4 15. Rd1 Qc8 16. b3 Be6 17. Be3 g5 18. Nd2 Ne7 19. b4 Ng6 20. Nb3 b6 21. bxa5 bxa5 22. Nc5 Bc4 23. Bf1 Bxf1 24. Rxf1 Bf8 25. Nd3 Qe6 26. Rfb1 Red8 27. Ne1 {Oro,F (2423)-Shirov,A (2650) chess.com INT 2025 ½-½ (98)}) 13. Nc4 Bf5 14. Nh4 Be6 15. Nf3 Bf5 16. Nfd2 Qd7 17. Ne4 b6 18. Ned6 cxd6 19. Bxd5 Rab8 20. Ne3 Be6 21. Qb3 Ne7 22. Bxe6 fxe6 23. Nc4 Nd5 24. Be3 Qc7 25. Rad1 Rf8 26. Rd2 Kh7 27. Rde2 Rf5 28. Bc1 Rf3 29. Qb5 Qd8 30. Be3 Qc7 31. Bc1 Qd8 32. Ne3 Ne7 33. Kg2 Rf7 34. Qb3 Qd7 35. Nc4 Qc7 36. Kg1 Nc6 37. d4 Rf5 38. Ne3 Rff8 39. d5 exd5 40. Nxd5 Qb7 41. Rd1 Rf3 42. Be3 Rff8 43. Qb5 e4 44. Bf4 Na7 45. Qc4 Rfe8 46. Rxe4 b5 47. axb5 Nxb5 48. Rde1 Rbc8 49. Qd3 Rxe4 50. Rxe4 1-0

[Event "ESP-chT CECLUB Honor"]
[Site "Linares"]
[Date "2014.09.09"]
[Round "6.3"]
[White "Rakhmanov, Alexander"]
[Black "Narciso Dublan, Marc"]
[Result "1-0"]
[WhiteElo "2626"]
[BlackElo "2524"]
[PlyCount "97"]
[EventDate "2014.09.04"]
[EventType "team-tourn"]
[EventRounds "7"]
[EventCountry "ESP"]
[SourceTitle "CBM 162 Extra"]
[Source "ChessBase"]
[SourceDate "2014.10.17"]
[SourceVersion "1"]
[SourceVersionDate "2014.10.17"]
[SourceQuality "1"]
[WhiteTeam "Barcelona"]
[BlackTeam "Barbera"]
[WhiteTeamCountry "ESP"]
[BlackTeamCountry "ESP"]

1. Nf3 Nf6 2. g3 d5 3. Bg2 Bf5 4. c4 e6 5. Qb3 Na6 6. d3 Nc5 7. Qc2 c6 8. Nh4 Bg4 9. h3 Bh5 10. Nd2 Be7 11. g4 Nfd7 $146 ({RR} 11... Bg6 12. Nxg6 hxg6 13. b3 O-O 14. Bb2 Rc8 15. O-O Ncd7 16. f4 Bc5+ 17. d4 Bd6 18. c5 Bb8 19. e3 Kh7 20. Bf3 Rh8 21. Kg2 Kg8 22. Rh1 Rh4 23. g5 Nh7 24. Bg4 Nxg5 25. fxg5 Qxg5 26. Rag1 {Akesson,R-Kudrin,S (2520) Valjevo 1984 1-0 (46)}) 12. Nhf3 Bg6 13. b4 Na6 14. a3 c5 15. bxc5 Naxc5 16. Bb2 Bf6 17. O-O O-O 18. Rab1 Rc8 19. Bxf6 Qxf6 20. Qb2 Qe7 21. Qd4 Rfe8 22. cxd5 exd5 23. Rfe1 Nb6 24. Nf1 Ne6 25. Qb4 Rc2 26. Ne3 Ra2 27. Qxe7 Rxe7 28. Ra1 Rxa1 29. Rxa1 Rc7 30. Ra2 Rc5 31. Nc2 Kf8 32. Nfd4 Ke7 33. Rb2 Nc7 34. f4 f6 35. Kf2 Kd7 36. Ke3 Kc8 37. Kd2 Ra5 38. Bf3 Nd7 39. h4 h6 40. Rb1 Ra6 41. Nb4 Ra5 42. Rc1 Rc5 43. Rxc5 Nxc5 44. Nxd5 Nxd5 45. Bxd5 h5 46. gxh5 Bxh5 47. Nf5 g6 48. Ng3 b5 49. f5 1-0

[Event "St Petersburg Rapid final"]
[Site "St Petersburg"]
[Date "2014.09.27"]
[Round "2.5"]
[White "Goganov, Aleksey"]
[Black "Makarov, Marat"]
[Result "1-0"]
[WhiteElo "2608"]
[BlackElo "2505"]
[PlyCount "89"]
[EventDate "2014.09.27"]
[EventType "k.o. (rapid)"]
[EventRounds "5"]
[EventCountry "RUS"]
[SourceTitle "CBM 162 Extra"]
[Source "ChessBase"]
[SourceDate "2014.10.17"]
[SourceVersion "1"]
[SourceVersionDate "2014.10.17"]
[SourceQuality "1"]

1. Nf3 d5 2. g3 Nf6 3. Bg2 g6 4. O-O Bg7 5. c4 dxc4 6. Qa4+ Nfd7 7. Qxc4 O-O 8. Qc2 ({RR} 8. d4 Nb6 9. Qc2 Nc6 10. Rd1 Bf5 11. e4 Bg4 12. d5 Bxf3 13. Bxf3 Nd4 14. Qd3 c6 15. Bg2 cxd5 16. Nc3 dxe4 17. Qxe4 e5 18. Qxb7 Qc8 19. Qe4 Rb8 20. Be3 f5 21. Qh4 f4 22. Bxd4 exd4 {Kubicka,A (2292)-Balajayeva,K (2371) Rhodes GRE 2024 0-1 (32)}) 8... Nb6 9. Nc3 Nc6 10. d3 h6 $146 ({RR} 10... e5 11. Bg5 Nd4 12. Qd2 f6 13. Be3 c6 14. Ne4 Nxf3+ 15. Bxf3 f5 16. Nc3 Be6 17. Rfd1 Rf7 18. Bg2 Qf8 19. Qe1 Nd5 20. Nxd5 Bxd5 21. Bxd5 cxd5 22. Qa5 f4 23. Bd2 Qd6 24. Rac1 Qe6 25. Rc7 {Nguyen,N (2628)-Wang,H (2727) Guangzhou 2010 ½-½ (60)}) ({RR} 10... e5 11. Bg5 f6 12. Be3 Rf7 13. Ne4 Nd5 14. Bd2 h6 15. Nc5 f5 16. Qb3 Nb6 17. Rac1 Qe8 18. e3 Nd8 19. e4 fxe4 20. Ne1 c6 21. Bxe4 Bf5 22. Bxf5 gxf5 23. Nf3 Nd5 24. Rfe1 b6 25. Na6 {Danielsen,H (2529)-Andersen,M (2385) Borup 2010 1-0 (63)}) 11. Be3 e5 12. Ne4 Nd4 13. Nxd4 exd4 14. Bd2 f5 15. Nc5 c6 16. b4 Kh7 17. a4 Nd5 18. b5 cxb5 19. axb5 Nc3 20. Bxc3 dxc3 21. e3 Rb8 22. d4 b6 23. Nd3 Bd7 24. Rfb1 Qc7 25. Ra3 Rbc8 26. Bc6 a5 27. Rxc3 Qd6 28. Bxd7 Qxd7 29. Rc6 Ra8 30. Nf4 g5 31. Ne6 Rf7 32. Qc4 a4 33. Rc7 Qxe6 34. Qxe6 Rxc7 35. Qxf5+ Kh8 36. Qd5 Rcc8 37. Ra1 Ra7 38. Kg2 Rf8 39. Ra2 a3 40. Qc6 Rb8 41. Qd6 Rba8 42. Qxb6 Bf8 43. Qf6+ Kg8 44. b6 Ra6 45. b7 1-0

[Event "Bundesliga 1415"]
[Site "Germany"]
[Date "2014.11.09"]
[Round "4.2"]
[White "Laznicka, Viktor"]
[Black "Duda, Jan Krzysztof"]
[Result "1-0"]
[WhiteElo "2666"]
[BlackElo "2599"]
[PlyCount "119"]
[EventDate "2014.10.18"]
[EventType "team-tourn"]
[EventRounds "15"]
[EventCountry "GER"]
[SourceTitle "CBM 164"]
[Source "ChessBase"]
[SourceDate "2015.01.15"]
[SourceVersion "1"]
[SourceVersionDate "2015.01.15"]
[SourceQuality "1"]
[WhiteTeam "Schwaebisch Hall"]
[BlackTeam "Hamburger SK"]
[WhiteTeamCountry "GER"]
[BlackTeamCountry "GER"]

1. Nf3 d5 2. g3 c6 3. Bg2 Bg4 4. O-O Nd7 5. d3 e6 6. Nbd2 Ngf6 7. e4 Be7 8. h3 Bh5 9. Qe2 ({RR} 9. Qe1 dxe4 10. dxe4 e5 11. Nh4 Bg6 12. Nxg6 hxg6 13. Qe2 Qc7 14. Nf3 O-O 15. h4 Rad8 16. Ng5 Qb6 17. Bf3 Nc5 18. Kg2 Na4 19. Rh1 Qb5 20. c4 Qb6 21. h5 gxh5 22. Bxh5 Qd4 23. Be3 Qd3 {Andreikin,D (2729)-Martinez Alcantara,J (2599) Chess.com INT 2022 ½-½ (61)}) 9... O-O ({RR} 9... e5 10. g4 Bg6 11. exd5 Nxd5 12. Nc4 f6 13. d4 O-O 14. dxe5 Qc7 15. Nh4 fxe5 16. Nxg6 hxg6 17. Qd3 Nf4 18. Bxf4 exf4 19. Qxg6 f3 20. Qe6+ Rf7 21. Bxf3 Bc5 22. Be4 Qg3+ 23. Bg2 Bxf2+ 24. Kh1 {Gubajdullin,A (2238)-Sanchez,G chess.com INT 2024 1-0 (31)}) 10. b3 Ne5 $146 ({RR} 10... a5 11. a4 b5 12. Bb2 Qb6 13. Rfb1 Rfd8 14. g4 Bg6 15. Ne5 Nxe5 16. Bxe5 dxe4 17. Nxe4 Bxe4 18. dxe4 Nd7 19. Bb2 e5 20. Bf1 Bc5 21. axb5 cxb5 22. Qxb5 Bxf2+ 23. Kg2 Qf6 24. Qe2 Bd4 25. Bxd4 {Anikaev,Y-Timman,J Vilnius 1969 ½-½ (57)}) ({RR} 10... a5 11. a3 Ne8 12. Bb2 Bf6 13. e5 Be7 14. g4 Bg6 15. Nd4 Nc7 16. f4 c5 17. N4f3 a4 18. c4 Nb6 19. Ne1 f5 20. exf6 Bxf6 21. Bxf6 Qxf6 22. Rb1 Qd4+ 23. Kh1 Rxf4 24. Ndf3 Qf6 25. bxa4 {Petrosian,A-Lein,A Soviet Union 1974 ½-½}) 11. Bb2 Nfd7 12. g4 Nxf3+ 13. Nxf3 Bg6 14. e5 Kh8 15. Rae1 h6 16. Qd2 Qb6 17. Qf4 Rae8 18. Qg3 Qa5 19. a3 c5 20. h4 Nb8 21. h5 Bh7 22. Kh1 Nc6 23. Rg1 g5 24. hxg6 fxg6 25. g5 h5 26. c4 Rd8 27. cxd5 Rxd5 28. Nh4 Qd2 29. Bxd5 exd5 30. Bc1 Qxf2 31. Qh3 Qd4 32. Re2 Kg7 33. e6 Kg8 34. Bb2 Qf4 35. Bf6 Bxf6 36. gxf6 Qxf6 37. Nxg6 Bxg6 38. Rxg6+ Qxg6 39. Rg2 Kh7 40. Rxg6 Kxg6 41. Qg3+ Kf6 42. Qf2+ Kg7 43. Qxc5 Re8 44. Qxd5 Kf6 45. b4 a6 46. Qxh5 Rxe6 47. Qh6+ Ke5 48. Qg7+ Kf4 49. Qf7+ Ke5 50. Qxb7 Ne7 51. Qc7+ Kf6 52. d4 Nf5 53. d5 Rd6 54. Qc3+ Kg5 55. Qe5 Kg6 56. a4 Rf6 57. b5 axb5 58. axb5 Nd6 59. b6 Kf7 60. b7 1-0

[Event "SVK-chT 1415"]
[Site "Slovakia"]
[Date "2014.11.22"]
[Round "3.6"]
[White "Papp, Gabor"]
[Black "Hracek, Zbynek"]
[Result "1-0"]
[WhiteElo "2559"]
[BlackElo "2646"]
[PlyCount "101"]
[EventDate "2014.10.25"]
[EventType "team-tourn"]
[EventRounds "11"]
[EventCountry "SVK"]
[SourceTitle "CBM 163 Extra"]
[Source "ChessBase"]
[SourceDate "2014.12.23"]
[SourceVersion "1"]
[SourceVersionDate "2014.12.23"]
[SourceQuality "1"]
[WhiteTeam "Bratislava Slovan"]
[BlackTeam "Stara Lubovna"]
[WhiteTeamCountry "SVK"]
[BlackTeamCountry "SVK"]

1. Nf3 d5 2. g3 Bg4 3. Bg2 Nd7 4. c4 e6 5. cxd5 exd5 6. Nc3 Ngf6 7. O-O Be7 8. h3 Bxf3 9. Bxf3 Ne5 10. Bg2 d4 11. Ne4 Nxe4 12. Bxe4 c6 13. d3 O-O 14. Bd2 $146 ({RR} 14. Bg2 a5 15. Qc2 a4 16. Rd1 Qa5 17. e3 dxe3 18. Bxe3 Nd7 19. Rab1 {½-½ (19) Nagy,G (2481)-Bakre,T (2427) Ordu 2018}) 14... h5 15. b4 a6 16. Qb3 Bd6 17. a4 Nd7 18. h4 Be7 19. Rac1 Nf6 20. Bf3 Qd7 21. Rc4 Rad8 22. Bg5 g6 23. Rb1 Kg7 24. Bf4 Ng4 25. Qb2 Rfe8 26. Bxg4 Qxg4 27. Rxd4 Rxd4 28. Qxd4+ Bf6 29. Bh6+ Kxh6 30. Qxf6 Qxe2 31. Qxf7 Re7 32. Qf8+ Kh7 33. b5 axb5 34. axb5 cxb5 35. Rxb5 Qe6 36. Qf4 Qd7 37. Qb4 Rf7 38. Qc4 Kg7 39. Rb6 Qf5 40. Qd4+ Kh7 41. Rd6 Rg7 42. Qe4 Qc8 43. Re6 Qc2 44. Kg2 Kh6 45. g4 Qc7 46. gxh5 Kxh5 47. Qe3 Qd8 48. Re5+ g5 49. Rxg5+ Rxg5+ 50. Qxg5+ Qxg5+ 51. hxg5 1-0

[Event "ROM-chT"]
[Site "Calimanesti"]
[Date "2014.11.12"]
[Round "5.2"]
[White "Vajda, Levente"]
[Black "Parligras, Mircea Emilian"]
[Result "1-0"]
[WhiteElo "2564"]
[BlackElo "2594"]
[PlyCount "122"]
[EventDate "2014.11.08"]
[EventType "team-tourn"]
[EventRounds "9"]
[EventCountry "ROU"]
[SourceTitle "EXT 2015"]
[Source "ChessBase"]
[SourceDate "2014.11.20"]
[SourceVersion "1"]
[SourceVersionDate "2014.11.20"]
[SourceQuality "1"]
[WhiteTeam "Baia Mare"]
[BlackTeam "Timisoara Luxten"]
[WhiteTeamCountry "ROU"]
[BlackTeamCountry "ROU"]

1. Nf3 d5 2. g3 Bg4 3. Bg2 e6 4. O-O Nf6 5. d3 Be7 6. Nbd2 c6 7. b3 ({RR} 7. h3 Bxf3 8. Nxf3 Nbd7 9. c4 O-O 10. Be3 a5 {½-½ (10) Leon Hoyos,M (2569)-Iotov,V (2560) Richardson 2012}) 7... O-O 8. Bb2 Bh5 ({RR} 8... a5 9. a4 Na6 10. h3 Bh5 11. Ne5 Nd7 12. Nxd7 Qxd7 13. Nf3 f6 14. e4 dxe4 15. dxe4 Rfd8 16. Qe2 e5 17. Ba3 Bxa3 18. Rxa3 Bxf3 19. Bxf3 Qd4 20. Raa1 Qc3 21. Rad1 Nb4 22. Rxd8+ Rxd8 23. Rd1 {Dixit,N (2361)-Mendonca,L (2642) Doha QAT 2024 0-1 (50)}) 9. a3 $146 ({RR} 9. c4 Nbd7 10. Rc1 a5 11. a3 Bd6 12. Rc2 Re8 13. Qa1 Qe7 14. Re1 Qf8 15. h3 Rac8 16. e4 dxe4 17. Nxe4 Nxe4 18. dxe4 Red8 19. Rd2 Nc5 20. Re3 Be7 21. Rxd8 Rxd8 22. Bd4 Bxf3 23. Bxf3 Bg5 {Batinic,P (2223)-Cabrilo,G (2487) Neum 2004 0-1 (44)}) ({RR} 9. Qe1 a5 10. a3 c5 11. Ne5 Nc6 12. Nxc6 bxc6 13. a4 Nd7 14. e4 Re8 15. e5 f6 16. f4 f5 17. Bf3 Bxf3 18. Nxf3 c4 19. bxc4 dxc4 20. d4 Nb6 21. Ba3 Bxa3 22. Rxa3 Qd5 23. Qf2 Rab8 {Meszaros,L (2101)-Sergeev,V (2438) Brno 2014 0-1 (53)}) 9... Nbd7 10. c4 Bd6 11. Qc2 a5 12. Rfe1 Re8 13. Nh4 e5 14. e3 Bf8 15. Bc3 b5 16. b4 axb4 17. axb4 bxc4 18. dxc4 Qc7 19. c5 Rxa1 20. Rxa1 Be2 21. Qa4 g6 22. Qa7 Qxa7 23. Rxa7 Bg7 24. Nhf3 Bxf3 25. Bxf3 Rc8 26. Nb3 Kf8 27. Bg2 g5 28. Bh3 g4 29. Bxg4 Nxg4 30. Rxd7 Nf6 31. Ra7 d4 32. exd4 Nd5 33. Bd2 exd4 34. Na5 d3 35. Nc4 Rb8 36. Kf1 Nxb4 37. Nb6 Rd8 38. Bxb4 d2 39. Bxd2 Rxd2 40. Nc4 Rc2 41. Nd6 Rxc5 42. Rxf7+ Kg8 43. Rb7 Rc2 44. Rb8+ Bf8 45. Rc8 Kg7 46. Nf5+ Kf7 47. Ne3 Rc1+ 48. Ke2 c5 49. Rc7+ Kg6 50. h4 h5 51. Kd3 Rb1 52. Rc6+ Kf7 53. Ke4 Rb2 54. f3 Rb4+ 55. Kf5 Rb3 56. Kf4 Ke8 57. Rc8+ Kf7 58. Nf5 Rc3 59. g4 hxg4 60. fxg4 Rc4+ 61. Kg5 Rc1 1-0